[Event "83rd ESP-ch Women-ch 2018"]
[Site "Linares"]
[Date "2018.08.25"]
[Round "6"]
[White "Anton Guijarro, David"]
[Black "Tejedor Fuente, Enrique"]
[Result "1/2-1/2"]
[WhiteElo "2652"]
[BlackElo "2408"]
[Annotator "TA"]
[EventDate "2018.08.20"]
[PlyCount "210"]
[EventType "swiss"]
[EventCountry "ESP"]

1. d4 e6 2. Nf3 Nf6 3. c4 Bb4+ 4. Bd2 Bxd2+ 5. Qxd2 b6 6. g3 Bb7 7. Bg2 d6
8. O-O Nbd7 9. Qc2 O-O 10. Nc3 c5 11. Rfd1 Qe7 12. d5 exd5 13. Nh4 g6 14.
cxd5 $146 Ne8 15. e4 $14 Nc7 16. f4 f6 17. a4 a6 18. Bf1 b5 19. axb5 axb5
20. Nxb5 Na6 21. Nc3 Nb4 22. Qd2 Rxa1 23. Rxa1 Ra8 24. Ra3 Nb6 25. Qe2 Ba6
26. Qg4 Bxf1 27. Rxa8+ Nxa8 28. Kxf1 Nb6 $16 29. Qe2 Qd7 30. Kg2 Na4 31.
Nf3 Qe8 32. Kf2 Nxb2 33. Ne1 Na4 34. Qb5 Qxb5 35. Nxb5 f5 36. exf5 Nxd5 37.
Nxd6 Nab6 38. fxg6 hxg6 39. Nf3 Kg7 40. Ke2 Nf6 41. Kd3 Nfd5 42. Ne4 $18
Nb4+ 43. Kd2 Nd7 44. Kc3 Nd5+ 45. Kc4 Ne3+ 46. Kd3 Ng4 47. Kc4 Ne3+ $16 48.
Kb5 c4 $14 49. Kb4 Nf6 50. Nf2 Nfd5+ $11 51. Kc5 c3 52. Nd3 Kf6 53. Kd4 Ke6
54. Ke4 Nf1 55. Kd4 c2 56. Nc1 Nxf4 57. gxf4 Kf5 58. Kd3 Nxh2 $2 59. Nxh2
$18 Kxf4 60. Ne2+ Kg5 61. Kxc2 Kh4 62. Kd3 g5 63. Nf1 g4 64. Nfg3 Kg5 65.
Ke3 Kf6 66. Kf4 Ke6 67. Kg5 Ke5 68. Kh5 Kf6 69. Kh6 Kf7 70. Kg5 Ke6 71. Kf4
Kd5 72. Kf5 Kd6 73. Nf4 Kc6 74. Ke4 Kc5 75. Kd3 Kc6 76. Kc4 Kd6 77. Kd4 Kc6
78. Nd3 Kd6 79. Nf4 Kc6 80. Ne6 Kd6 81. Ng5 Kc6 82. Nf7 Kd7 83. Kd5 Kc7 84.
Kc5 Kd7 85. Ng5 Ke7 86. Kd5 Kd7 87. N5e4 Kc7 88. Nc5 Kb6 89. Nd3 Kc7 90.
Kc5 Kd7 91. Nf4 Kc7 92. Ne6+ Kd7 93. Kd5 Ke7 94. Nc5 Kf7 95. Kd6 Ke8 96.
Nce4 Kf8 97. Ke6 Ke8 98. Nf6+ Kd8 99. Kd6 Kc8 100. Kc6 Kd8 101. Nd5 Ke8
102. Kc7 Kf7 103. Kd7 Kg6 104. Ke7 $2 Kg5 $11 105. Nc3 Kf4 1/2-1/2

[Event "83rd ESP-ch Women-ch 2018"]
[Site "Linares"]
[Date "2018.08.25"]
[Round "6"]
[White "Del Rio De Angelis, Salvador G"]
[Black "Perez Candelario, Manuel"]
[Result "1-0"]
[WhiteElo "2525"]
[BlackElo "2611"]
[Annotator "TA"]
[EventDate "2018.08.20"]
[PlyCount "61"]
[EventType "swiss"]
[EventCountry "ESP"]

1. d4 Nf6 2. c4 e6 3. Nc3 Bb4 4. Nf3 d5 5. e3 O-O 6. Bd3 dxc4 7. Bxc4 c5 8.
O-O cxd4 9. exd4 b6 10. Re1 Bb7 11. Bd3 Nc6 12. a3 Be7 13. Bc2 Rc8 14. Qd3
Re8 15. d5 exd5 16. Bg5 Ne4 17. Nxe4 dxe4 18. Qxe4 g6 19. Qh4 Bxg5 $146 20.
Nxg5 $40 h5 21. Qf4 Re7 $2 22. Bb3 Qf8 23. Rxe7 Qxe7 24. Nxf7 Rf8 25. Rd1
Na5 26. Ba2 Bc6 27. Ne5+ Kg7 28. Qg3 Be8 29. Rd7 $1 Qxd7 30. Nxd7 Bxd7 31.
Qc7 1-0

[Event "83rd ESP-ch Women-ch 2018"]
[Site "Linares"]
[Date "2018.08.25"]
[Round "6"]
[White "Asis Gargatagli, Hipolito"]
[Black "Suarez Uriel, Adrian"]
[Result "1-0"]
[WhiteElo "2515"]
[BlackElo "2391"]
[Annotator "TA"]
[EventDate "2018.08.20"]
[PlyCount "61"]
[EventType "swiss"]
[EventCountry "ESP"]

1. e4 c5 2. Nf3 Nc6 3. d4 cxd4 4. Nxd4 g6 5. c4 Bg7 6. Be3 Nf6 7. Nc3 O-O
8. Be2 d6 9. f3 Bd7 10. Qd2 Nxd4 11. Bxd4 a5 12. h4 e6 $146 13. O-O-O Qe7
14. g4 Rfc8 15. Kb1 a4 16. a3 Be8 17. h5 Rd8 18. Rh3 Nd7 19. Bxg7 Kxg7 20.
hxg6 fxg6 21. Rdh1 Nf8 22. f4 Kg8 23. f5 Bc6 24. Bd3 $18 Rd7 25. Nd5 Qd8
26. fxg6 Nxg6 $2 27. e5 $1 Bxd5 28. cxd5 Qe8 29. dxe6 Rg7 30. Qh2 Qxe6 31.
Rxh7 1-0

[Event "83rd ESP-ch Women-ch 2018"]
[Site "Linares"]
[Date "2018.08.25"]
[Round "6"]
[White "Espinosa Aranda, Angel"]
[Black "Domingo Nunez, Alejandro"]
[Result "1/2-1/2"]
[WhiteElo "2451"]
[BlackElo "2373"]
[Annotator "TA"]
[EventDate "2018.08.20"]
[PlyCount "71"]
[EventType "swiss"]
[EventCountry "ESP"]

1. Nf3 Nf6 2. g3 b6 3. Bg2 Bb7 4. c4 g6 5. Nc3 Bg7 6. d4 Ne4 7. Nxe4 Bxe4
8. Be3 d5 $146 9. Rc1 dxc4 10. Rxc4 Nc6 11. Qc1 Qd5 12. O-O O-O 13. Ne1 Nd8
14. Bxe4 Qxe4 15. Ng2 Ne6 16. Rd1 b5 17. Qc2 Qd5 18. Rc6 g5 19. f3 Rfd8 20.
Bf2 Qxa2 $15 21. e3 a5 22. f4 gxf4 23. Nxf4 Nxf4 24. exf4 a4 $1 $17 25.
Rxc7 a3 26. bxa3 $1 $11 Qxc2 27. Rxc2 Rxa3 28. Rb2 Ra4 29. Rxb5 Bxd4 30.
Kf1 Ra1 31. Rxa1 Bxa1 32. Ke2 Kg7 33. h4 Ra8 34. Rb3 Ra5 35. Kf3 h5 36. Be3
1/2-1/2

[Event "83rd ESP-ch Women-ch 2018"]
[Site "Linares"]
[Date "2018.08.25"]
[Round "6"]
[White "Moreno Ruiz, Javier"]
[Black "Lianes Garcia, Marcos"]
[Result "1/2-1/2"]
[WhiteElo "2450"]
[BlackElo "2340"]
[Annotator "TA"]
[EventDate "2018.08.20"]
[PlyCount "139"]
[EventType "swiss"]
[EventCountry "ESP"]

1. d4 d5 2. c4 dxc4 3. e3 c5 4. Bxc4 e6 5. Nf3 Nf6 6. O-O a6 7. b3 b5 8.
Be2 Bb7 9. Bb2 Nbd7 10. Nbd2 Be7 11. a4 Qb6 12. axb5 axb5 13. dxc5 Nxc5
$146 14. Nd4 O-O 15. Bxb5 Rxa1 16. Bxa1 Ba6 17. Nc4 Qc7 $1 18. Bxa6 Nxa6
19. Qf3 Rc8 20. Bc3 Nd5 21. Ba5 Qc5 22. Rd1 Bf6 23. Ne2 Rb8 $14 24. e4 Ne7
25. Bb6 Qb5 26. Ba7 Rf8 27. Nd4 Bxd4 28. Bxd4 Nc6 29. Bb2 Nc5 30. Ba3 Nb4
31. Qc3 Nba6 32. f3 Rb8 33. Na5 h6 $16 34. Rb1 $40 Na4 $11 35. Qd2 N4c5 36.
g3 Nb4 37. Bxb4 Qxb4 38. Qxb4 Rxb4 $16 39. Kf1 f5 40. exf5 exf5 41. Ke2 $1
Kf7 42. Kd2 $1 $18 Rb5 43. b4 Na4 44. Nc4 Kf6 45. Kc2 g5 46. Kb3 Nc5+ 47.
Kc3 Na4+ 48. Kd4 Ke6 49. Ne3 Nb6 50. f4 gxf4 51. gxf4 h5 52. h4 Nc8 53. Nc4
Rd5+ 54. Kc3 Na7 55. Re1+ Kf6 56. Ne5 Rd8 57. Rg1 Nb5+ 58. Kc4 $1 Nd6+ 59.
Kc5 $1 Ne4+ 60. Kc6 Rd6+ 61. Kc7 Rd2 $2 62. Rg6+ Ke7 63. b5 Nc3 64. b6 Nd5+
65. Kc8 Nxf4 66. Rc6 $2 Ne6 $1 $14 67. Ng6+ Kf7 $1 68. Ne5+ Ke7 $1 69. Ng6+
Kf7 $1 $11 70. Ne5+ 1/2-1/2

[Event "83rd ESP-ch Women-ch 2018"]
[Site "Linares"]
[Date "2018.08.25"]
[Round "6"]
[White "Garza Marco, Sergio"]
[Black "Arizmendi Martinez, Julen Luis"]
[Result "1/2-1/2"]
[WhiteElo "2414"]
[BlackElo "2507"]
[Annotator "TA"]
[EventDate "2018.08.20"]
[PlyCount "63"]
[EventType "swiss"]
[EventCountry "ESP"]

1. d4 d5 2. Bf4 Nf6 3. e3 e6 4. Nd2 Bd6 5. Bg3 O-O 6. Ngf3 c5 7. c3 Qc7 8.
Bd3 Nbd7 9. O-O e5 10. dxe5 Nxe5 11. Nxe5 Bxe5 12. Bxe5 Qxe5 13. Qf3 Re8
14. Qg3 Qxg3 15. hxg3 Bd7 16. Rfd1 Ba4 $146 17. b3 Bc6 18. b4 Ba4 19. Rdb1
c4 20. Be2 Bc2 21. Rc1 Bd3 22. Bxd3 cxd3 23. Nb3 Rac8 24. Rd1 Rxc3 25. Nc5
d4 26. exd4 Rd8 27. Nxd3 Rc4 28. d5 Rxd5 29. Rdc1 Rxc1+ 30. Rxc1 g5 31. Rc3
b6 32. Kf1 1/2-1/2

[Event "83rd ESP-ch Women-ch 2018"]
[Site "Linares"]
[Date "2018.08.25"]
[Round "6"]
[White "Merario Alarcon, Andres"]
[Black "Salgado Lopez, Ivan"]
[Result "1/2-1/2"]
[WhiteElo "2406"]
[BlackElo "2643"]
[Annotator "TA"]
[EventDate "2018.08.20"]
[PlyCount "92"]
[EventType "swiss"]
[EventCountry "ESP"]

1. d4 d6 2. e4 g6 3. c4 Bg7 4. Nc3 Nc6 5. d5 Nb8 6. Nge2 Nf6 7. Ng3 Nbd7 8.
Be2 O-O 9. O-O Re8 $146 10. Be3 e6 11. Qd2 b6 12. Rad1 Bb7 13. f3 a6 14.
dxe6 fxe6 15. f4 Qe7 16. Bf3 Rab8 17. Qc2 Rf8 18. b3 Bh6 19. Bc1 e5 20. f5
Bxc1 21. Qxc1 Qg7 22. Qe3 Rbd8 23. Nh1 Nb8 24. Nf2 Nc6 25. Ne2 Ne7 26. Ng3
Bc8 27. Ng4 Kh8 28. Nh6 Neg8 29. Nxg8 Nxg8 30. Be2 Ne7 31. Bd3 Ng8 32. Rf2
Qh6 33. Qe2 Ne7 34. Rdf1 Nc6 35. fxg6 hxg6 36. Rxf8+ Rxf8 37. Rxf8+ Qxf8
38. Qe3 Qf4 39. Nf1 Nd4 40. g3 Qf8 41. Qf2 Kg7 42. Qxf8+ Kxf8 43. Kf2 c6
44. Ne3 Ke7 45. Nc2 Ne6 46. Ke3 a5 1/2-1/2

[Event "83rd ESP-ch Women-ch 2018"]
[Site "Linares"]
[Date "2018.08.25"]
[Round "6"]
[White "Vega Gutierrez, Sabrina"]
[Black "Santos Latasa, Jaime"]
[Result "0-1"]
[WhiteElo "2390"]
[BlackElo "2582"]
[Annotator "TA"]
[EventDate "2018.08.20"]
[PlyCount "82"]
[EventType "swiss"]
[EventCountry "ESP"]

1. e4 c5 2. Nf3 d6 3. d4 cxd4 4. Nxd4 Nf6 5. Nc3 a6 6. Be3 e5 7. Nb3 Be6 8.
h3 Be7 9. f4 O-O 10. Qe2 $146 b5 $15 11. O-O-O Nbd7 $1 12. g4 b4 13. Na4
Nxe4 $17 14. Qg2 exf4 $1 15. Bxf4 d5 $36 16. Bd3 Bg5 17. Bxg5 Qxg5+ 18. Kb1
a5 19. Rhe1 Ndf6 20. Nbc5 Rae8 21. Qg1 Bc8 22. Re2 h5 23. Nb6 hxg4 $19 24.
Bxe4 dxe4 25. Nxc8 Rxc8 26. Nxe4 Nxe4 27. Rxe4 f5 $1 28. Red4 g3 29. h4 Qg6
30. h5 Qg5 31. h6 gxh6 32. Rd6 Rce8 33. Qb6 Kg7 34. Rh1 $2 g2 35. Rg1 f4
36. Qd4+ Kg8 37. Qb6 Kh7 $1 38. Rd7+ Re7 39. Qb7 Rff7 40. Rxe7 Rxe7 41. Qf3
Qg3 0-1

[Event "83rd ESP-ch Women-ch 2018"]
[Site "Linares"]
[Date "2018.08.25"]
[Round "6"]
[White "Matnadze, Ana"]
[Black "Huerga Leache, Mikel"]
[Result "1-0"]
[WhiteElo "2378"]
[BlackElo "2451"]
[Annotator "TA"]
[EventDate "2018.08.20"]
[PlyCount "81"]
[EventType "swiss"]
[EventCountry "ESP"]

1. Nf3 Nf6 2. c4 e6 3. g3 a6 4. Bg2 b5 5. Ne5 c6 6. d4 Bb7 $146 7. c5 d6 8.
cxd6 Bxd6 9. Nd3 Qb6 10. e4 Nfd7 11. Be3 $16 c5 12. dxc5 Nxc5 13. O-O $1
Qc6 14. Nc3 Nbd7 15. Rc1 Nxd3 16. Qxd3 Ne5 17. Qd4 Nc4 18. Qxg7 $18 Be5 19.
Qg5 Qc7 $2 20. b3 h6 21. Qh5 Nxe3 22. Nd5 Qb8 23. fxe3 Rf8 24. Rxf7 $1 Rxf7
25. Rf1 exd5 26. Qxf7+ Kd8 27. Qf8+ Kd7 28. Bh3+ Kc6 29. Rc1+ Kb6 30. Qc5+
Ka5 31. Qa3+ $40 Kb6 32. Qc5+ Ka5 33. b4+ Ka4 34. Qc2+ Kxb4 35. Qd2+ Ka4
36. Bg4 $1 Qd6 37. Bd1+ Ka3 38. Rc3+ $1 Bxc3 39. Qxc3+ Kxa2 40. Bb3+ Ka3
41. Bc2+ 1-0

[Event "83rd ESP-ch Women-ch 2018"]
[Site "Linares"]
[Date "2018.08.25"]
[Round "6"]
[White "Teran Alvarez, Ismael"]
[Black "Santos Ruiz, Miguel"]
[Result "0-1"]
[WhiteElo "2377"]
[BlackElo "2517"]
[TimeControl "5400+30"]
[Annotator "RC"]
[EventDate "2018.08.20"]
[PlyCount "97"]
[EventType "swiss"]
[EventCountry "ESP"]

1. d4 Nf6 2. c4 e6 3. Nc3 Bb4 4. g3 O-O 5. Bg2 d5 6. Nf3 dxc4 7. O-O Nc6 8.
Qa4 Nd5 9. Qc2 Be7 10. Rd1 Rb8 11. e4 Ncb4 12. Qb1 Nxc3 13. bxc3 Nd3 14.
Qb5 Nxc1 15. Raxc1 c5 16. Ne5 Qc7 17. f4 Rd8 18. Kh1 f6 19. Nf3 cxd4 20.
cxd4 Bd7 21. Qxc4 Qxc4 22. Rxc4 Rbc8 23. Rdc1 Rxc4 24. Rxc4 Bc6 25. Ng1 Kf7
26. a4 Be8 27. d5 exd5 28. exd5 a5 29. Rc7 Rd7 30. Rc4 Bb4 31. Nf3 Re7 32.
Bh3 Bxa4 33. d6 Rd7 34. Rc7 Ke8 35. Bxd7+ Bxd7 36. Rxb7 Bc6 37. Rb8+ Kd7
38. Kg2 Bxd6 39. Rb1 Bc5 40. g4 a4 41. Kg3 a3 42. Nd4 a2 43. Rd1 Bxd4 44.
Rxd4+ Ke6 45. Rd1 Be4 46. f5+ Ke5 47. Re1 Kd4 48. Ra1 Bb1 49. Kf4 0-1

[Event "83rd ESP-ch Women-ch 2018"]
[Site "Linares"]
[Date "2018.08.25"]
[Round "6"]
[White "Montero Melendez, Rafael"]
[Black "Domingo Nunez, Ruben"]
[Result "1/2-1/2"]
[WhiteElo "2367"]
[BlackElo "2318"]
[Annotator "TA"]
[EventDate "2018.08.20"]
[PlyCount "69"]
[EventType "swiss"]
[EventCountry "ESP"]

1. Nf3 c5 2. c4 Nc6 3. g3 g6 4. Bg2 Bg7 5. Nc3 d6 6. O-O e6 7. a3 Nge7 8.
d3 b6 9. Bg5 h6 10. Bd2 Bb7 11. Rb1 Qd7 12. e3 O-O 13. b4 Rad8 14. Qe2 g5
15. Nb5 f5 16. Ne1 $146 e5 17. f4 exf4 18. gxf4 gxf4 19. Rxf4 Ne5 20. Nc3
Bxg2 21. Qxg2 d5 22. cxd5 Nxd5 23. Rh4 Rf6 24. Qxd5+ $1 $11 Qxd5 25. Nxd5
Rxd5 26. bxc5 Nxd3 27. cxb6 axb6 28. Kf1 Rg6 29. a4 Nc5 30. Nf3 Ne4 31. Be1
Rd3 32. Rf4 Rxe3 33. Rxf5 Nd6 34. Rf4 Re4 35. Rxe4 1/2-1/2

[Event "83rd ESP-ch Women-ch 2018"]
[Site "Linares"]
[Date "2018.08.25"]
[Round "6"]
[White "Ayats Llobera, Gerard"]
[Black "Cruz Lledo, Pablo"]
[Result "1/2-1/2"]
[WhiteElo "2345"]
[BlackElo "2432"]
[Annotator "TA"]
[EventDate "2018.08.20"]
[PlyCount "97"]
[EventType "swiss"]
[EventCountry "ESP"]

1. e4 c6 2. Nc3 d5 3. Nf3 dxe4 4. Nxe4 Nf6 5. Qe2 Bg4 6. h3 Bh5 7. Nxf6+
gxf6 8. b3 Qd5 9. Bb2 $146 Bxf3 10. gxf3 Nd7 11. O-O-O e6 12. Rg1 O-O-O 13.
Rg4 Bc5 14. Rg7 Rdf8 15. f4 Qf5 16. Qf3 Bd6 $1 17. Qe3 Qxf4 18. Qxa7 Bc5
19. Qa8+ Kc7 20. Qa5+ Bb6 21. Qh5 $1 Qxf2 22. Rxf7 $16 Qc5 23. Qxc5 Bxc5
24. Rg7 Kd8 25. Bc4 Re8 $1 26. Re1 e5 27. Rf1 Re7 28. Rg4 Rf8 29. Bd3 Nb6
30. c4 $1 Nc8 31. a3 Bd6 32. Rh4 Rff7 33. Rh6 e4 34. Bc2 f5 35. Bf6 Bxa3+
$14 36. Kd1 Ke8 37. Bxe7 $18 Nxe7 38. Ke2 Rg7 39. Ra1 Bc5 40. Rf1 Rg2+ 41.
Kd1 Bb4 $17 42. Rxh7 Bxd2 $2 43. h4 Be3 $2 44. Re1 $11 Bf4 45. Re2 Rg1+ 46.
Re1 $132 Rg2 47. Re2 Rg1+ 48. Re1 Rg2 49. Re2 1/2-1/2

[Event "83rd ESP-ch Women-ch 2018"]
[Site "Linares"]
[Date "2018.08.25"]
[Round "6"]
[White "Alvarez Fernandez, Enrique"]
[Black "Diaz Castro, Ismael"]
[Result "1-0"]
[WhiteElo "2324"]
[BlackElo "2212"]
[Annotator "TA"]
[EventDate "2018.08.20"]
[PlyCount "87"]
[EventType "swiss"]
[EventCountry "ESP"]

1. d4 Nf6 2. Bg5 Ne4 3. Bf4 c5 4. f3 Qa5+ 5. c3 Nf6 6. Nd2 cxd4 7. Nb3 Qb6
8. Qxd4 d5 9. Qxb6 axb6 10. Nd4 Bd7 11. e3 e6 $146 12. b4 Be7 13. g4 O-O
14. Bd3 Rc8 15. Nge2 Nc6 16. Kf2 Nxd4 17. exd4 Ra3 18. Bc1 Ra7 19. Rd1 Ne8
20. Bf4 Nd6 21. Bxd6 Bxd6 22. Rd2 Ra3 23. h3 e5 24. Bf5 Be6 25. dxe5 Bxe5
26. Rxd5 $1 Bxd5 27. Bxc8 Bxc3 $2 28. Rd1 $18 Bxb4 29. Rxd5 Rxa2 30. Rd8+
Bf8 31. Bxb7 b5 32. Bd5 Ra7 33. Rb8 b4 34. Nd4 Rd7 $2 35. Nc6 g6 36. Nxb4
Kg7 37. Be4 Rd2+ 38. Ke3 Rh2 39. Nd3 Rxh3 40. Rb7 Kf6 41. Bd5 Bh6+ 42. Ke4
Bd2 43. Rxf7+ Kg5 44. f4+ 1-0

[Event "83rd ESP-ch Women-ch 2018"]
[Site "Linares"]
[Date "2018.08.25"]
[Round "6"]
[White "Castellanos Gomez, Alejandro"]
[Black "Cuevas Fernandez, Jose Alberto"]
[Result "0-1"]
[WhiteElo "2320"]
[BlackElo "2147"]
[Annotator "TA"]
[EventDate "2018.08.20"]
[PlyCount "86"]
[EventType "swiss"]
[EventCountry "ESP"]

1. d4 Nf6 2. Nf3 d5 3. Bf4 c5 4. e3 Nc6 5. c3 e6 6. Nbd2 Nh5 7. Bg5 f6 8.
Bh4 cxd4 9. cxd4 g6 10. Bd3 Bd6 $146 11. O-O O-O 12. a3 Qe8 13. Re1 g5 $15
14. Bg3 Nxg3 15. hxg3 g4 16. Nh2 f5 17. Ndf1 Qg6 18. b4 a5 19. b5 Nd8 20.
Nd2 h5 21. Ra2 Kg7 22. Rc2 Rh8 23. Nhf1 Nf7 24. f4 gxf3 25. Nxf3 Bxg3 26.
Nxg3 $11 Qxg3 27. b6 h4 28. Rc7 $1 $16 Kf6 29. Re2 Bd7 $2 30. Rxd7 $18 Rag8
31. Ne5 Nxe5 $16 32. dxe5+ Qxe5 33. Bb5 Rg4 $14 34. Qc1 $2 h3 $19 35. Qb2
d4 $1 36. Rxd4 Qh2+ $1 37. Kf2 Qg3+ 38. Kg1 Qh2+ $1 $40 39. Kf2 Rxg2+ 40.
Ke1 Qe5 41. Kf1 h2 $1 42. Rxg2 h1=Q+ 43. Kf2 Qxg2+ $1 0-1

[Event "83rd ESP-ch Women-ch 2018"]
[Site "Linares"]
[Date "2018.08.25"]
[Round "6"]
[White "Sole Pijuan, Ferran"]
[Black "Jimenez De La Torre, Jose A"]
[Result "1/2-1/2"]
[WhiteElo "2320"]
[BlackElo "2076"]
[Annotator "TA"]
[EventDate "2018.08.20"]
[PlyCount "170"]
[EventType "swiss"]
[EventCountry "ESP"]

1. d4 d5 2. c4 e6 3. Nc3 c5 4. cxd5 cxd4 5. Qa4+ Bd7 6. Qxd4 exd5 7. Nf3
Nc6 8. Qd1 Bb4 9. e3 Nf6 10. Bd2 O-O 11. Be2 Bf5 12. O-O d4 $146 13. exd4
Nxd4 14. Nxd4 Qxd4 15. Be3 Qh4 16. Qa4 Bd7 $1 17. Qd1 Bc6 $36 18. Bf3 Rad8
19. Qe2 $1 Bxf3 20. Qxf3 Rd3 21. Rad1 Ng4 22. Qg3 Qxg3 $15 23. hxg3 Rfd8
24. Bxa7 Bxc3 25. Rxd3 Rxd3 26. bxc3 Rxc3 $11 27. f3 Nf6 28. Rd1 h6 29.
Rd8+ Kh7 30. Bd4 Rc1+ 31. Kh2 Kg6 32. a4 Rc7 33. a5 Re7 34. Ra8 Rd7 35. Bb2
Nd5 36. Ra7 Nb4 37. Ra8 Rd5 38. Ba3 Rh5+ 39. Kg1 Na6 40. Ra7 Rxa5 41. Bb2
Rb5 42. Ba3 Nc7 43. Bd6 Rb1+ 44. Kh2 Ne6 45. Ra8 Rd1 46. Bb4 Rd4 47. Be1
Rd1 48. Bf2 b5 49. Rb8 Rb1 50. g4 Nf4 51. Be3 Nd5 52. Bd4 Rd1 53. Bc5 Rb1
54. Kg3 Rb3 55. Bf2 f5 56. gxf5+ Kxf5 57. Bd4 g6 $2 58. Rd8 $2 Ke6 $15 59.
Bc5 Rc3 60. Bd4 Rc4 61. Bb2 b4 62. Rg8 Ne7 63. Rb8 Nf5+ 64. Kh2 h5 65. Rb6+
Nd6 66. Bg7 $1 $11 Kf7 67. Rxd6 Kxg7 68. Rb6 g5 69. Kg3 Kf7 70. Kf2 Rc2+
71. Kg3 $1 $15 Rb2 72. Kh3 $1 Rb1 73. g3 $1 b3 74. f4 b2 75. Kh2 $2 h4 $2
76. fxg5 $11 hxg3+ 77. Kg2 Kg7 78. g6 Kh6 79. Rb3 Kxg6 80. Rxg3+ Kf5 81.
Rb3 Ke4 82. Rb4+ Kd3 83. Rb8 Rc1 84. Rxb2 Rc2+ 85. Rxc2 Kxc2 1/2-1/2

[Event "83rd ESP-ch Women-ch 2018"]
[Site "Linares"]
[Date "2018.08.25"]
[Round "6"]
[White "Serarols Mabras, Bernat"]
[Black "Garriga Cazorla, Pere"]
[Result "1/2-1/2"]
[WhiteElo "2313"]
[BlackElo "2444"]
[Annotator "TA"]
[EventDate "2018.08.20"]
[PlyCount "104"]
[EventType "swiss"]
[EventCountry "ESP"]

1. d4 Nf6 2. c4 e6 3. g3 c5 4. Nf3 cxd4 5. Nxd4 d5 6. Bg2 e5 7. Nf3 d4 8.
O-O Nc6 9. e3 Bc5 10. exd4 exd4 11. Re1+ Be6 12. Ng5 O-O 13. Nxe6 fxe6 14.
Nd2 a5 15. Nf3 Qb6 16. Bh3 $146 Kh8 17. Rxe6 Rad8 18. Qd3 $18 Rde8 19. Ng5
$1 Rxe6 20. Nxe6 Re8 21. Bg5 $2 Ne5 $11 22. Qf5 Rxe6 23. Bxf6 Rxf6 24. Qxe5
d3 25. Rf1 $1 Rf8 26. b3 d2 $36 27. Bg4 Bb4 28. Bd1 Qg6 29. Qd5 Qf7 30. Qd3
Qf6 31. Bc2 g6 32. Bd1 b6 33. h4 Kg7 34. Kg2 Re8 35. h5 Rd8 36. Qe4 Bc5 37.
hxg6 hxg6 38. Qf3 Re8 $17 39. Be2 Qxf3+ 40. Kxf3 Rf8+ 41. Kg2 Rf6 42. Bg4
Rf7 43. Be2 Kf8 44. Bf3 Ke7 45. Rd1 $11 Bb4 46. Bd5 Rf5 47. f4 Kd6 48. Kf3
Rh5 49. Be4 Rh6 50. Ke3 Rh3 51. Kf3 Rh6 52. Ke3 Rh3 1/2-1/2

[Event "83rd ESP-ch Women-ch 2018"]
[Site "Linares"]
[Date "2018.08.25"]
[Round "6"]
[White "Calzetta Ruiz, Monica"]
[Black "Ortin Blanco, Ainhoa"]
[Result "1-0"]
[WhiteElo "2302"]
[BlackElo "1951"]
[Annotator "TA"]
[EventDate "2018.08.20"]
[PlyCount "105"]
[EventType "swiss"]
[EventCountry "ESP"]

1. e4 c5 2. Nf3 Nc6 3. Bb5 g6 4. Bxc6 bxc6 5. O-O Bg7 6. c4 d6 7. h3 e5 8.
d3 Ne7 9. Bd2 $146 a5 10. Qa4 Bd7 11. Bc3 O-O 12. Nfd2 Nc8 13. f4 $11 exf4
14. Bxg7 Kxg7 15. Rxf4 Qg5 16. Rf3 Ne7 17. Qc2 f5 18. Nc3 Qf6 19. Raf1 Rab8
20. b3 Qe5 21. Ne2 a4 22. Qc3 Qxc3 $14 23. Nxc3 axb3 24. Nxb3 Be6 25. e5 $1
d5 26. Nxc5 Kf7 27. cxd5 Nxd5 28. N3e4 Ke7 29. Nxe6 Kxe6 30. Nc5+ Ke7 31.
d4 Rb4 32. Ra3 Rc8 33. Ra7+ Rc7 34. Ra8 Rxd4 35. Rh8 Rh4 36. Rb1 $1 $16 Kf7
37. Rbb8 Re7 $11 38. e6+ Kf6 39. Rbc8 $36 Rd4 40. Rxc6 Rd1+ 41. Kh2 Nb4 42.
Rcc8 $16 Nxa2 $2 43. Rcf8+ $1 $18 Ke5 44. Rf7 Rxe6 45. Nxe6 Kxe6 46. Rfxh7
f4 47. Rg8 Kf5 48. Rf7+ Kg5 49. h4+ $1 Kg4 50. Rxg6+ Kh5 51. Rg8 Kh6 52.
Rxf4 Kh7 53. Rg3 1-0

[Event "83rd ESP-ch Women-ch 2018"]
[Site "Linares"]
[Date "2018.08.25"]
[Round "6"]
[White "Galiana Fernandez, Adrian"]
[Black "Porta Tovar, Guillem"]
[Result "1-0"]
[WhiteElo "2291"]
[BlackElo "2166"]
[Annotator "TA"]
[EventDate "2018.08.20"]
[PlyCount "85"]
[EventType "swiss"]
[EventCountry "ESP"]

1. e4 c5 2. Nf3 d6 3. Bb5+ Bd7 4. Bxd7+ Qxd7 5. c4 e5 6. Nc3 g6 7. d3 Bg7
8. h4 h5 9. a3 Nc6 10. Rb1 Nge7 $146 11. b4 O-O 12. O-O f5 13. Bg5 Rf7 14.
Re1 Raf8 15. Nd5 fxe4 $1 16. Nxe7+ Nxe7 17. dxe4 Nc6 18. bxc5 Rxf3 19. gxf3
Nd4 20. Re3 dxc5 21. Kg2 Kh7 22. a4 Bh6 23. a5 Bxg5 $17 24. hxg5 Qe7 25.
Qg1 Qxg5+ 26. Kf1 Qe7 27. Qg3 Rf7 28. Kg2 Ne6 29. Reb3 $1 $11 Nf4+ 30. Kh2
b6 31. axb6 axb6 32. Rxb6 $16 Rg7 33. Rb7 Qd8 34. Rb8 $1 Qf6 35. Rc8 g5 $2
36. Rbb8 $18 Qe6 $2 37. Rxc5 g4 38. Rbc8 gxf3 39. R5c7 Ng6 40. Qxf3 Kh6 41.
Rc6 Qd7 42. Rh8+ Kg5 43. Rxh5# 1-0

[Event "83rd ESP-ch Women-ch 2018"]
[Site "Linares"]
[Date "2018.08.25"]
[Round "6"]
[White "Diaz Castro, Sergio"]
[Black "Anillo Fernandez, Isabel Maria"]
[Result "1-0"]
[WhiteElo "2289"]
[BlackElo "1924"]
[Annotator "TA"]
[EventDate "2018.08.20"]
[PlyCount "93"]
[EventType "swiss"]
[EventCountry "ESP"]

1. b3 e5 2. Bb2 Nc6 3. e3 d6 4. d4 exd4 5. exd4 d5 6. Nf3 Nf6 7. Bb5 Bd7 8.
O-O Be7 9. Re1 O-O 10. Nbd2 $146 a6 11. Bf1 Bf5 12. Ne5 Nxe5 13. dxe5 Ne4
14. Bd3 Bb4 15. Bxe4 dxe4 16. c3 Ba5 17. Nxe4 Qxd1 18. Raxd1 Rad8 19. Ng3
Bc2 20. Rc1 Rd2 21. Nf1 $18 Rfd8 22. Nxd2 Rxd2 23. e6 fxe6 $16 24. Rxe6
Bxb3 25. axb3 Rxb2 26. b4 Bb6 27. Re7 Rxf2 28. Kh1 a5 29. bxa5 Bxa5 30. c4
Rf5 31. g3 b5 32. Rd1 c6 33. cxb5 cxb5 34. Rdd7 Bc3 35. Re8+ Rf8 36. Rxf8+
Kxf8 37. Kg2 h6 38. Kf3 Kg8 39. Ke4 Kh7 40. Kf5 b4 41. Rb7 Bd2 42. g4 Be1
43. h3 Bd2 $2 44. h4 $18 b3 45. g5 hxg5 46. hxg5 b2 47. g6+ 1-0